How to start an NGO in India: (Record no. 85213)

MARC details
000 -LEADER
fixed length control field 00748nam a22002057a 4500
005 - DATE AND TIME OF LATEST TRANSACTION
control field 20140623114804.0
010 ## - LCCN (DPL NO)
LC control number B-505418-421
020 ## - INTERNATIONAL STANDARD BOOK NUMBER
International Standard Book Number 9789380731759
Terms of availability 875.00
035 ## - SYSTEM CONTROL NUMBER
System control number B-505418-421
037 ## - SOURCE OF ACQUISITION
Stock number dpl
Source of stock number/acquisition KKP/Ven
082 ## - DEWEY DECIMAL CLASSIFICATION NUMBER
Classification number 361.770954
100 ## - MAIN ENTRY--PERSONAL NAME
Personal name Reddy, S.K.
245 ## - TITLE STATEMENT
Title How to start an NGO in India:
Remainder of title problems and perspective/
Statement of responsibility, etc by S.K.Reddy
260 ## - PUBLICATION, DISTRIBUTION, ETC. (IMPRINT)
Place of publication, distribution, etc Delhi
Name of publisher, distributor, etc Navyug Books International
Date of publication, distribution, etc 2012
270 ## - ADDRESS
Address L-21/1, Street No.5, Shivaji Marg, Near Kali Mandir, J.P.Nagar, Kartar Nagar, West Ghonda,
City Delhi
Postal code 110053
300 ## - PHYSICAL DESCRIPTION
Extent 280p.
500 ## - GENERAL NOTE
General note includes index
942 ## - ADDED ENTRY ELEMENTS (KOHA)
Source of classification or shelving scheme Dewey Decimal Classification
Item type English Books
Classification part 361.770954
Call number suffix RED
Holdings
Withdrawn status Lost status Not for loan Collection code Home library Current library Date acquired Source of acquisition Cost, normal purchase price Full call number Barcode Copy number Cost, replacement price Koha item type
      Non-fiction Central Library Central Library 23/06/2014 KKP/BL2982/11.03.2013/172/11.03.2013/20.03.2013 875.00 361.770954 RED B-505418 1 875.00 English Books
      Non-fiction Patel Nagar Patel Nagar 23/06/2014 KKP/BL2982/11.03.2013/172/11.03.2013/20.03.2013 875.00 361.770954 RED B-505419 1 875.00 English Books
      Non-fiction Sarojini Nagar Sarojini Nagar 23/06/2014 KKP/BL2982/11.03.2013/172/11.03.2013/20.03.2013 875.00 361.770954 RED B-505420 1 875.00 English Books
      Non-fiction Vinoba Puri Vinoba Puri 23/06/2014 KKP/BL2982/11.03.2013/172/11.03.2013/20.03.2013 875.00 361.770954 RED B-505421 1 875.00 English Books

© Delhi Public Library
Hit Counter
free hit counter